[Vizuálne podnety a responzívne správanie spotrebiteľov]

Recenzia zahraničnej vedeckej monografie zasadenej do oblasti neuromarketingového výskumu. Spracovanie témy s interdisciplinárnym charakterom a so zameraním na vizuálne podnety a následné responzívne správanie spotrebiteľov. Reakcie spotrebiteľov na marketingovú komunikáciu podnikov, s apelom na viz...

Ausführliche Beschreibung

Gespeichert in:
Bibliographische Detailangaben
1. Verfasser: Kmety Barteková, Mária, 1992-
Format: Buchkapitel
Sprache:Slowakisch
Schlagworte:
Tags: Tag hinzufügen
Keine Tags, Fügen Sie das erste Tag hinzu!

MARC

LEADER 00000naa$a2200000$$$4500
001 0273112
005 20240502074314.4
041 0 |a slo 
044 |a SK 
245 1 0 |a [Vizuálne podnety a responzívne správanie spotrebiteľov]  |c Mária Kmety Barteková 
520 |a Recenzia zahraničnej vedeckej monografie zasadenej do oblasti neuromarketingového výskumu. Spracovanie témy s interdisciplinárnym charakterom a so zameraním na vizuálne podnety a následné responzívne správanie spotrebiteľov. Reakcie spotrebiteľov na marketingovú komunikáciu podnikov, s apelom na vizuálne podnety ako kľúčové determinanty spotrebiteľského rozhodovania a následného spotrebiteľského správania. Priblíženie vedných odborov využívaných pri aplikácii neuromarketingového výskumu. 
610 2 0 |a recenzie 
610 2 0 |a neuromarketing 
610 2 0 |a komunikácia marketingová 
610 2 0 |a správanie spotrebiteľa 
610 2 0 |a techniky reklamné 
610 2 0 |a psychológia reklamy 
100 1 |a Kmety Barteková, Mária, 1992-